<?xml version="1.0" encoding="UTF-8"?>
<record
    xmlns:xsi="http://www.w3.org/2001/XMLSchema-instance"
    xsi:schemaLocation="http://www.loc.gov/MARC21/slim http://www.loc.gov/standards/marcxml/schema/MARC21slim.xsd"
    xmlns="http://www.loc.gov/MARC21/slim">

  <leader>01029nam a22002057a 4500</leader>
  <controlfield tag="005">20240319122757.0</controlfield>
  <datafield tag="010" ind1=" " ind2=" ">
    <subfield code="a">HIN-127096</subfield>
  </datafield>
  <datafield tag="020" ind1=" " ind2=" ">
    <subfield code="a">9788195965663</subfield>
    <subfield code="c">695.00</subfield>
  </datafield>
  <datafield tag="035" ind1=" " ind2=" ">
    <subfield code="a">HN-99442</subfield>
  </datafield>
  <datafield tag="037" ind1=" " ind2=" ">
    <subfield code="b">DBAD/PUB</subfield>
  </datafield>
  <datafield tag="082" ind1=" " ind2=" ">
    <subfield code="a">921</subfield>
  </datafield>
  <datafield tag="100" ind1=" " ind2=" ">
    <subfield code="a">&#x932;&#x94B;&#x939;&#x93F;&#x92F;&#x93E; &#x930;&#x93E;&#x92E;&#x92E;&#x928;&#x94B;&#x939;&#x930;</subfield>
    <subfield code="9">63552</subfield>
  </datafield>
  <datafield tag="245" ind1=" " ind2=" ">
    <subfield code="a">&#x935;&#x93F;&#x91A;&#x93E;&#x930; &#x915;&#x93E; &#x906;&#x92F;&#x928;&#x93E;;</subfield>
    <subfield code="b">&#x915;&#x932;&#x93E;,&#x938;&#x93E;&#x939;&#x93F;&#x924;&#x94D;&#x92F;,&#x938;&#x902;&#x938;&#x94D;&#x915;&#x943;&#x924;&#x93F;/</subfield>
    <subfield code="c">&#x935;&#x93F;&#x928;&#x94B;&#x926;  &#x924;&#x93F;&#x935;&#x93E;&#x930;&#x940; &#x926;&#x94D;&#x935;&#x93E;&#x930;&#x93E; &#x938;&#x92E;&#x94D;&#x92A;&#x93E;&#x926;&#x93F;&#x924;</subfield>
  </datafield>
  <datafield tag="260" ind1=" " ind2=" ">
    <subfield code="a">&#x92E;&#x939;&#x93E;&#x924;&#x94D;&#x92E;&#x93E; &#x917;&#x93E;&#x901;&#x927;&#x940; &#x92E;&#x93E;&#x930;&#x94D;&#x917; </subfield>
    <subfield code="b">&#x932;&#x94B;&#x915;&#x92D;&#x93E;&#x930;&#x924;&#x940; &#x92A;&#x94D;&#x930;&#x915;&#x93E;&#x936;&#x928;</subfield>
  </datafield>
  <datafield tag="270" ind1=" " ind2=" ">
    <subfield code="a">&#x92A;&#x939;&#x932;&#x940; &#x92E;&#x902;&#x91C;&#x93F;&#x932; , &#x926;&#x930;&#x92C;&#x93E;&#x930;&#x940; &#x92C;&#x93F;&#x932;&#x94D;&#x921;&#x93F;&#x902;&#x917; </subfield>
    <subfield code="b">&#x928;&#x908; &#x926;&#x93F;&#x932;&#x94D;&#x932;&#x940;</subfield>
    <subfield code="e">1100032</subfield>
  </datafield>
  <datafield tag="300" ind1=" " ind2=" ">
    <subfield code="a">199&#x92A;&#x943;&#x937;&#x94D;&#x91F;.;</subfield>
    <subfield code="c">22&#x938;&#x947;&#x92E;&#x940;(&#x938;&#x91C;&#x93F;&#x932;&#x94D;&#x926;)</subfield>
  </datafield>
  <datafield tag="710" ind1=" " ind2=" ">
    <subfield code="a">&#x935;&#x93F;&#x928;&#x94B;&#x926; &#x924;&#x93F;&#x935;&#x93E;&#x930;&#x940; </subfield>
    <subfield code="e">&#x938;&#x902;&#x92A;&#x93E;&#x926;&#x915;</subfield>
    <subfield code="9">63350</subfield>
  </datafield>
  <datafield tag="710" ind1=" " ind2=" ">
    <subfield code="a">&#x92C;&#x926;&#x94D;&#x930;&#x940; &#x928;&#x93E;&#x930;&#x93E;&#x92F;&#x923; </subfield>
    <subfield code="e">&#x938;&#x902;&#x92A;&#x93E;&#x926;&#x915;</subfield>
    <subfield code="9">63351</subfield>
  </datafield>
  <datafield tag="942" ind1=" " ind2=" ">
    <subfield code="c">HN</subfield>
    <subfield code="2">ddc</subfield>
    <subfield code="h">921</subfield>
    <subfield code="m">&#x932;&#x94B;&#x939;&#x93F;&#x92F;&#x93E;</subfield>
  </datafield>
  <datafield tag="999" ind1=" " ind2=" ">
    <subfield code="c">201494</subfield>
    <subfield code="d">201494</subfield>
  </datafield>
  <datafield tag="952" ind1=" " ind2=" ">
    <subfield code="0">0</subfield>
    <subfield code="1">0</subfield>
    <subfield code="4">0</subfield>
    <subfield code="7">0</subfield>
    <subfield code="8">NFIC</subfield>
    <subfield code="a">PR</subfield>
    <subfield code="b">PR</subfield>
    <subfield code="d">2024-03-14</subfield>
    <subfield code="e">DBAD/PUB</subfield>
    <subfield code="g">695.00</subfield>
    <subfield code="l">1</subfield>
    <subfield code="m">1</subfield>
    <subfield code="o">921 &#x932;&#x94B;&#x939;&#x93F;&#x92F;&#x93E;</subfield>
    <subfield code="p">HN-99442</subfield>
    <subfield code="r">2026-05-04 15:16:09</subfield>
    <subfield code="s">2026-03-19</subfield>
    <subfield code="t">1</subfield>
    <subfield code="v">695.00</subfield>
    <subfield code="w">2024-03-14</subfield>
    <subfield code="y">HN</subfield>
  </datafield>
</record>
